000 00619nam a2200217 i 4500
001 C2-0228619
003 PPAK
005 20180728155642.0
008 000823s my |||| ||||| | may d
040 _aPPAK
_beng
_cPPAK
_erda
082 0 4 _a395.595
_223
090 0 0 _a395.595
_bBUD
_dKAR
090 0 0 _a395.595
_bBUD
_dKSI
245 0 0 _aBudibahasa
264 1 _aKuala Lumpur :
_bKementerian Kebudayaan Belia dan Sukan ,
_c[date of publication not identified]
300 _aiii, 66 pages ;
_c17 cm
336 _2rdacontent
_atext
337 _2rdamedia
_aunmediated
338 _2rdacarrier
_avolume
942 _ddc
_cB
999 _c148429
_d148429